|
|
|
|
| LEADER |
01802nam a2200505 a 4500 |
| 001 |
nkc20122396375 |
| 003 |
CZ PrNK |
| 005 |
20130610104529.0 |
| 007 |
ta |
| 008 |
130502s2012 xr a b 000 f eng |
| 015 |
|
|
|a cnb002396375
|
| 020 |
|
|
|a 978-80-266-0137-1
|q (brož.)
|
| 035 |
|
|
|a (OCoLC)847727190
|
| 040 |
|
|
|a ABA001
|b cze
|d OLA001
|
| 041 |
1 |
|
|a eng
|a cze
|h eng
|
| 072 |
|
7 |
|a 821-93
|x Literatura pro děti a mládež (beletrie)
|2 Konspekt
|9 26
|
| 080 |
|
|
|a 821-34
|2 MRF
|
| 080 |
|
|
|a 821-93
|2 MRF
|
| 080 |
|
|
|a (0:82-34)
|2 MRF
|
| 080 |
|
|
|a (0.027)=030
|2 MRF
|
| 100 |
1 |
|
|a Dougherty, John,
|d 1964-
|7 jo2013759054
|4 aut
|
| 245 |
1 |
0 |
|a Finn MacCool and the Giant's causeway =
|b Fin Drsňák a Obrův chodník /
|c napsal John Dougherty ; ilustroval Lee Cosgrove ; [překlad Duncan Hendy]
|
| 246 |
3 |
1 |
|a Fin Drsňák a Obrův chodník
|
| 250 |
|
|
|a 1. vyd.
|
| 260 |
|
|
|a V Brně :
|b Edika,
|c 2012
|
| 300 |
|
|
|a 32 s. :
|b barev. il. ;
|c 21 cm
|
| 490 |
1 |
|
|a Dvojjazyčná kniha pro děti
|
| 490 |
1 |
|
|a Pohádky
|
| 521 |
8 |
|
|a Pro děti - angličtina od 7 do 12 let, mírně pokročilí, čeština od 5 do 8 let
|
| 546 |
|
|
|a Souběžný český text
|
| 655 |
|
7 |
|a pohádky
|7 fd133054
|2 czenas
|
| 655 |
|
7 |
|a publikace pro děti
|7 fd133156
|2 czenas
|
| 655 |
|
7 |
|a dvojjazyčná vydání
|7 fd194533
|2 czenas
|
| 655 |
|
9 |
|a fairy tales
|2 eczenas
|
| 655 |
|
9 |
|a children's literature
|2 eczenas
|
| 655 |
|
9 |
|a bilingual editions
|2 eczenas
|
| 700 |
1 |
|
|a Cosgrove, Lee
|7 xx0168953
|4 ill
|
| 830 |
|
0 |
|a Dvojjazyčná kniha pro děti
|0 s
|
| 830 |
|
0 |
|a Pohádky (Edika)
|0 s
|
| 910 |
2 |
|
|a BOA001
|b 2-1304.979
|
| 928 |
9 |
|
|a Albatros Media - Edika
|
| 990 |
|
|
|a BK
|
| 995 |
|
|
|a 01
|
| 991 |
|
|
|b 201305
|e db
|
| 996 |
6 |
|
|b 2610549387
|c 2-1304.979
|l MZK
|r Sklad / do 1 hodiny
|n 1
|p p.v.
|w 001328300
|u 000010
|a 1
|e BOA001
|j MZK50
|s P
|